| 000 | 00423nam a22001817a 4500 | ||
|---|---|---|---|
| 003 | CEME | ||
| 005 | 20210628204002.0 | ||
| 008 | 210113b xxu||||| |||| 00| 0 eng d | ||
| 020 | _a9780007278596 | ||
| 040 | _cceme | ||
| 082 | _a869.342 COE | ||
| 100 |
_aCoelho, Paulo _93636 |
||
| 245 | _aBrida | ||
| 260 |
_aINDIA _bHARPER _c2008 |
||
| 300 | _a264P | ||
| 650 |
_aENGLISH LITERATURE-BRIDA. _968141 |
||
| 942 |
_cBK _2ddc |
||
| 999 |
_c575775 _d575775 |
||